[Event "Chigorin Memorial 2018"]
[Site "St. Petersburg"]
[Date "2018.10.31"]
[Round "5.30"]
[White "Martynyuk, Elizaveta"]
[Black "Schekachikhin, Maksim"]
[Result "0-1"]
[WhiteElo "2076"]
[BlackElo "2370"]
[PlyCount "57"]
[EventDate "2018.10.27"]
[EventType "swiss"]
[EventCountry "RUS"]
[WhiteTeam "Russland"]
[BlackTeam "Russland"]
[WhiteTeamCountry "RUS"]
[BlackTeamCountry "RUS"]

1. e4 c5 2. Nf3 a6 3. Nc3 e6 4. b3 Nc6 5. Bb2 d6 6. d4 cxd4 7. Nxd4 Nf6 8. Qd2 Qb6 9. Nxc6 bxc6 10. Be2 Be7 11. O-O O-O 12. Kh1 Bb7 13. f4 Rad8 14. Rae1 d5 15. e5 Ne4 16. Nxe4 dxe4 17. Qc1 Bh4 18. Rd1 Rxd1 19. Bxd1 Bf2 20. Ba3 Be3 21. Qb2 Rd8 22. Bg4 c5 23. Qc3 Qb5 24. Re1 Bd2 25. Rd1 h5 26. Qxc5 hxg4 27. Qc7 Rc8 28. Qe7 e3 29. c4 0-1

[Event "Chigorin Memorial 2018"]
[Site "St. Petersburg"]
[Date "2018.10.31"]
[Round "5.31"]
[White "Mkrtchyan, Mariam"]
[Black "Makarian, Rudik"]
[Result "1/2-1/2"]
[WhiteElo "2001"]
[BlackElo "2366"]
[PlyCount "113"]
[EventDate "2018.10.27"]
[EventType "swiss"]
[EventCountry "RUS"]
[WhiteTeam "Armenien"]
[BlackTeam "Russland"]
[WhiteTeamCountry "ARM"]
[BlackTeamCountry "RUS"]

1. d4 Nf6 2. Bg5 Ne4 3. Bf4 d6 4. f3 Nf6 5. e4 Nbd7 6. Nc3 e5 7. Be3 Be7 8. Bc4 c6 9. a4 O-O 10. Nge2 d5 11. exd5 Nb6 12. Bb3 Nfxd5 13. Bf2 Nxc3 14. bxc3 Qc7 15. a5 Nd7 16. Qd3 Bd6 17. Bg3 Nf6 18. Kf2 Re8 19. dxe5 Bxe5 20. Nd4 Bd7 21. Rhe1 Bxg3+ 22. hxg3 Qd6 23. Ne2 Nd5 24. Qd4 Qg6 25. Nf4 Nxf4 26. Qxd7 Red8 27. Bxf7+ Qxf7 28. Qxf7+ Kxf7 29. gxf4 Rd5 30. Re5 Rd2+ 31. Re2 Rxe2+ 32. Kxe2 Ke6 33. Rb1 Rb8 34. Rb4 Kd5 35. a6 b5 36. Rd4+ Ke6 37. f5+ Ke7 38. Ke3 Rb6 39. Re4+ Kf6 40. Kf4 Rxa6 41. Re6+ Kf7 42. Ke5 Rb6 43. Rd6 Ke7 44. Re6+ Kf8 45. Kd6 b4 46. cxb4 Rxb4 47. Kc5 Rb2 48. Re2 a5 49. Kc4 Kf7 50. Kc3 Rb5 51. g4 Rb1 52. Re6 Rf1 53. Rxc6 Rxf3+ 54. Kb2 Ke7 55. Rc5 Rf4 56. g5 h5 57. f6+ 1/2-1/2

[Event "Chigorin Memorial 2018"]
[Site "St. Petersburg"]
[Date "2018.10.31"]
[Round "5.32"]
[White "Kabanov, Nikolai"]
[Black "Shirshov, Nikolay"]
[Result "0-1"]
[WhiteElo "2481"]
[BlackElo "2040"]
[Annotator "TA"]
[PlyCount "110"]
[EventDate "2018.10.27"]
[EventType "swiss"]
[EventCountry "RUS"]
[WhiteTeam "Russland"]
[BlackTeam "Russland"]
[WhiteTeamCountry "RUS"]
[BlackTeamCountry "RUS"]

1. d4 Nf6 2. Nf3 g6 3. Nc3 d5 4. Bf4 Bg7 5. e3 c6 6. Be2 O-O 7. Ne5 Nfd7 8. Nf3 Re8 9. h4 Nf8 10. h5 Bg4 11. Ne5 Bxe2 12. Qxe2 Nbd7 13. hxg6 hxg6 14. O-O-O Ne6 15. Qg4 Nxf4 16. exf4 e6 17. Rd3 c5 18. Rdh3 cxd4 19. Nxg6 Nf6 20. Qg5 fxg6 21. Qxg6 Kf8 22. Nb5 Ng8 23. f5 Qf6 24. Rf3 Qxg6 25. fxg6+ Nf6 26. Nc7 Rac8 27. Nxe8 Kxe8 28. Kd1 Rc7 29. Rf4 e5 30. Rf5 Re7 31. f3 Kd7 32. Re1 Kd6 33. g4 Nd7 34. f4 Re6 35. Rf7 Rxg6 36. fxe5+ Ke6 37. Rf4 Nxe5 38. Rxd4 Kd6 39. Ra4 Nc6 40. c3 Be5 41. Rg1 Kc5 42. g5 d4 43. cxd4+ Bxd4 44. Rg2 Rd6 45. Kc2 b5 46. Ra3 Nb4+ 47. Kb1 Be3 48. Rc3+ Kb6 49. Rc1 Bxc1 50. Kxc1 Nd3+ 51. Kb1 Ne5 52. Kc2 Rg6 53. Kb3 a5 54. Kc3 Nf7 55. Kd4 Nxg5 0-1

[Event "Chigorin Memorial 2018"]
[Site "St. Petersburg"]
[Date "2018.10.31"]
[Round "5.33"]
[White "Emeljanov, Alexander"]
[Black "Alekseenko, Kirill"]
[Result "0-1"]
[WhiteElo "2244"]
[BlackElo "2639"]
[Annotator "TA"]
[PlyCount "154"]
[EventDate "2018.10.27"]
[EventType "swiss"]
[EventCountry "RUS"]
[WhiteTeam "Russland"]
[BlackTeam "Russland"]
[WhiteTeamCountry "RUS"]
[BlackTeamCountry "RUS"]

1. d4 d5 2. Nf3 Nf6 3. c4 dxc4 4. e3 Bg4 5. Bxc4 e6 6. h3 Bh5 7. Nc3 a6 8. O-O Nc6 9. Be2 Bd6 10. b3 O-O 11. Bb2 Qe7 12. Ne5 Bxe2 13. Nxc6 Bxd1 14. Nxe7+ Bxe7 15. Rfxd1 Nd5 16. Rac1 c6 17. e4 Nxc3 18. Bxc3 Rad8 19. Rd3 Rd7 20. Rcd1 f5 21. f3 Bf6 22. Bb4 Rfd8 23. Bc5 Kf7 24. Kf1 h5 25. Ke2 Bg5 26. a4 Bf4 27. Bb6 Re8 28. Kf1 g5 29. Kf2 h4 30. Ba5 Kg6 31. Bd2 Bc7 32. Ke2 Kh5 33. Be3 Rg7 34. Rh1 Bd6 35. Bf2 Rf8 36. e5 Be7 37. Rc3 Rd8 38. Rc4 a5 39. Be1 Rd5 40. b4 axb4 41. Bxb4 Bxb4 42. Rxb4 c5 43. dxc5 Rxe5+ 44. Kf2 Rxc5 45. Rhb1 Rd7 46. R1b2 Rd1 47. Rxb7 f4 48. R7b4 Rcc1 49. a5 Ra1 50. Rb6 Rg1 51. Ke2 Rxg2+ 52. Kd3 Rxb2 53. Rxb2 Rxa5 54. Ke2 Kg6 55. Kf2 Kf5 56. Kg2 e5 57. Rb8 Ra2+ 58. Kg1 Re2 59. Rf8+ Kg6 60. Rg8+ Kf6 61. Rf8+ Kg7 62. Ra8 e4 63. fxe4 Rxe4 64. Kg2 Re3 65. Ra6 Rg3+ 66. Kh2 f3 67. Rb6 Rg2+ 68. Kh1 Ra2 69. Kg1 Rg2+ 70. Kh1 Re2 71. Kg1 g4 72. Rb7+ Kg6 73. Rb6+ Kg5 74. Rb5+ Kf4 75. Rb4+ Re4 76. Rxe4+ Kxe4 77. hxg4 h3 0-1

[Event "Chigorin Memorial 2018"]
[Site "St. Petersburg"]
[Date "2018.10.31"]
[Round "5.34"]
[White "Nikologorsky, Matfei"]
[Black "Stupak, Kirill"]
[Result "1-0"]
[WhiteElo "2235"]
[BlackElo "2583"]
[Annotator "TA"]
[PlyCount "87"]
[EventDate "2018.10.27"]
[EventType "swiss"]
[EventCountry "RUS"]
[WhiteTeam "Russland"]
[BlackTeam "Weißrussland"]
[WhiteTeamCountry "RUS"]
[BlackTeamCountry "BLR"]

1. e4 c6 2. d4 d5 3. Nc3 a6 4. h3 b5 5. a3 e6 6. Nf3 Nf6 7. e5 Nfd7 8. Ne2 c5 9. c3 Nc6 10. Nf4 Qb6 11. Be2 a5 12. O-O Ba6 13. Be3 Be7 14. b3 O-O 15. Rc1 cxd4 16. cxd4 Bxa3 17. Bd3 g6 18. Rb1 Rfc8 19. Ng5 Nf8 20. Nh5 Be7 21. Nf6+ Bxf6 22. exf6 Qd8 23. Qf3 Nb4 24. Be2 Nd7 25. Nxh7 Kxh7 26. Bg5 Qb6 27. Qf4 Rh8 28. Rbc1 Rac8 29. Rxc8 Bxc8 30. Bh6 Qb8 31. Qg5 Kg8 32. Rc1 Ba6 33. Bg4 Qd6 34. Re1 Nf8 35. Qd2 Qd8 36. Bg5 Bc8 37. Rc1 Bd7 38. Bf4 Bc6 39. Be5 Nh7 40. Qh6 Nxf6 41. Qg5 Kg7 42. Rc3 Rh7 43. Rf3 Kg8 44. Rxf6 1-0

[Event "Chigorin Memorial 2018"]
[Site "St. Petersburg"]
[Date "2018.10.31"]
[Round "5.35"]
[White "Klepikov, Nikita"]
[Black "Nigmatov, Ortik"]
[Result "0-1"]
[WhiteElo "2228"]
[BlackElo "2456"]
[Annotator "TA"]
[PlyCount "100"]
[EventDate "2018.10.27"]
[EventType "swiss"]
[EventCountry "RUS"]
[WhiteTeam "Russland"]
[BlackTeam "Usbekistan"]
[WhiteTeamCountry "RUS"]
[BlackTeamCountry "UZB"]

1. e4 e5 2. Nf3 Nc6 3. Bb5 a6 4. Ba4 d6 5. c3 Bd7 6. d4 g6 7. Bg5 f6 8. Be3 Nh6 9. h3 Bg7 10. Nbd2 Nf7 11. g4 O-O 12. Nf1 exd4 13. cxd4 d5 14. Ng3 Re8 15. exd5 Nb4 16. Bb3 Bb5 17. a4 Bd3 18. Qd2 a5 19. O-O-O b5 20. Ne1 bxa4 21. Nxd3 axb3 22. Nxb4 axb4 23. Qxb4 Qxd5 24. Qc5 Qf3 25. Rhe1 Nd6 26. Kd2 Bh6 27. Bxh6 Qxf2+ 28. Kd3 Qxg3+ 29. Be3 Qf3 30. Rc1 Qe4+ 31. Kd2 Ra2 32. Rb1 Ra4 33. Rbc1 Qe6 34. Kd3 Qe4+ 35. Kd2 Ra2 36. Rb1 Ra5 37. Qc3 Qd5 38. Kd1 Ra4 39. Rc1 Rc4 40. Qd3 Qf3+ 41. Kd2 Ne4+ 42. Qxe4 Qxe4 43. Rxc4 c6 44. Rc3 Qg2+ 45. Re2 Qxh3 46. Rxc6 Qxg4 47. Rxf6 Qe4 48. Rf4 Qb1 49. Kc3 Rc8+ 50. Kb4 Qd3 0-1

[Event "Chigorin Memorial 2018"]
[Site "St. Petersburg"]
[Date "2018.10.31"]
[Round "5.36"]
[White "Savitskiy, Sergey"]
[Black "Erdenieva, Oyuna"]
[Result "1-0"]
[WhiteElo "2413"]
[BlackElo "2251"]
[Annotator "TA"]
[PlyCount "43"]
[EventDate "2018.10.27"]
[EventType "swiss"]
[EventCountry "RUS"]
[WhiteTeam "Russland"]
[BlackTeam "Russland"]
[WhiteTeamCountry "RUS"]
[BlackTeamCountry "RUS"]

1. e4 c6 2. d4 d5 3. Nc3 dxe4 4. Nxe4 Bf5 5. Ng3 Bg6 6. Bc4 e6 7. N1e2 Nf6 8. O-O Nbd7 9. f4 Nb6 10. Bd3 Bxd3 11. Qxd3 g6 12. f5 gxf5 13. Nxf5 exf5 14. Qxf5 Be7 15. Bg5 Nbd5 16. Rae1 Rg8 17. Ng3 Rg6 18. c4 h6 19. Bh4 Ne3 20. Rxe3 Qxd4 21. Qf2 O-O-O 22. Nf5 1-0

[Event "Chigorin Memorial 2018"]
[Site "St. Petersburg"]
[Date "2018.10.31"]
[Round "5.37"]
[White "Pogorelskikh, Sergey"]
[Black "Ofitserian, Boris"]
[Result "0-1"]
[WhiteElo "2224"]
[BlackElo "2411"]
[PlyCount "70"]
[EventDate "2018.10.27"]
[EventType "swiss"]
[EventCountry "RUS"]
[WhiteTeam "Russland"]
[BlackTeam "Russland"]
[WhiteTeamCountry "RUS"]
[BlackTeamCountry "RUS"]

1. e4 c5 2. Nf3 d6 3. d4 cxd4 4. Nxd4 Nf6 5. Nc3 a6 6. Bg5 Nbd7 7. f4 Qa5 8. Qe2 h6 9. Bxf6 Nxf6 10. f5 g5 11. fxg6 fxg6 12. O-O-O Bg4 13. Nf3 Bg7 14. Kb1 Rc8 15. h3 Bxf3 16. gxf3 O-O 17. Qd2 Kh7 18. Ne2 Qe5 19. Nd4 Nh5 20. c3 Qf6 21. Be2 Nf4 22. Rdf1 h5 23. Bd3 Bh6 24. Qc2 Rc5 25. Rh2 Qe5 26. Rfh1 Bg7 27. Qd1 Rfc8 28. Bc2 b5 29. a3 a5 30. Bb3 b4 31. axb4 axb4 32. Ne2 bxc3 33. Nxc3 Rxc3 34. bxc3 Qxc3 35. Ra2 Rb8 0-1

[Event "Chigorin Memorial 2018"]
[Site "St. Petersburg"]
[Date "2018.10.31"]
[Round "5.38"]
[White "Tsaruk, Maksim"]
[Black "Vlasenko, Miroslav"]
[Result "0-1"]
[WhiteElo "2215"]
[BlackElo "2411"]
[Annotator "TA"]
[PlyCount "86"]
[EventDate "2018.10.27"]
[EventType "swiss"]
[EventCountry "RUS"]
[WhiteTeam "Weißrussland"]
[BlackTeam "Russland"]
[WhiteTeamCountry "BLR"]
[BlackTeamCountry "RUS"]

1. e4 c5 2. Nf3 Nf6 3. Nc3 d5 4. exd5 Nxd5 5. Bb5+ Bd7 6. Bxd7+ Qxd7 7. O-O Nc6 8. Ne4 e5 9. Re1 Be7 10. c3 f5 11. Nxc5 Bxc5 12. d4 Be7 13. c4 Nb6 14. d5 e4 15. Bg5 Bxg5 16. dxc6 Qxd1 17. Raxd1 Be7 18. Nd4 bxc6 19. Nxf5 g6 20. Nd4 c5 21. Ne6 Kf7 22. Rxe4 Rac8 23. Rd3 Rhe8 24. Ra3 Rc6 25. Rf3+ Kg8 26. Nf4 Rd8 27. g3 Rd7 28. Nd3 Bf6 29. b3 Kg7 30. Rg4 Rd4 31. Nf4 Nd7 32. Nh5+ Kf7 33. Rxd4 cxd4 34. Nxf6 Rxf6 35. Rd3 Ne5 36. Rd1 g5 37. Kf1 d3 38. c5 g4 39. b4 Re6 40. f4 gxf3 41. h3 Ra6 42. Rd2 Ra3 43. b5 Nc4 0-1

[Event "Chigorin Memorial 2018"]
[Site "St. Petersburg"]
[Date "2018.10.31"]
[Round "5.39"]
[White "Sadovsky, Artem"]
[Black "Nikitin, Sergey E."]
[Result "1/2-1/2"]
[WhiteElo "2408"]
[BlackElo "2230"]
[PlyCount "88"]
[EventDate "2018.10.27"]
[EventType "swiss"]
[EventCountry "RUS"]
[WhiteTeam "Russland"]
[BlackTeam "Russland"]
[WhiteTeamCountry "RUS"]
[BlackTeamCountry "RUS"]

1. d4 d5 2. c4 c6 3. Nf3 Nf6 4. Nc3 e6 5. e3 Nbd7 6. Bd3 dxc4 7. Bxc4 b5 8. Be2 Bb7 9. O-O a6 10. a4 b4 11. Na2 c5 12. b3 a5 13. Bb2 Be7 14. Nc1 O-O 15. Nd3 Rc8 16. Rc1 cxd4 17. Bxd4 Bd6 18. Rxc8 Qxc8 19. Qa1 Bd5 20. Qb2 Qb7 21. Rc1 Rc8 22. Rxc8+ Qxc8 23. Nfe5 Nxe5 24. Nxe5 Bxe5 25. Bxe5 Ne4 26. f3 Nc3 27. Bd3 f6 28. Bg3 Qc5 29. Bf2 Nd1 30. Qc2 Qxc2 31. Bxc2 Nxf2 32. Kxf2 e5 33. f4 Kf8 34. fxe5 fxe5 35. g3 Ke7 36. h4 Kf6 37. g4 e4 38. g5+ Kf5 39. Kg3 h6 40. gxh6 gxh6 41. Bd1 h5 42. Kf2 Ke5 43. Ke1 Be6 44. Kf2 Bf7 1/2-1/2

[Event "Chigorin Memorial 2018"]
[Site "St. Petersburg"]
[Date "2018.10.31"]
[Round "5.40"]
[White "Chernyak, Viktoria"]
[Black "Smirnov, Artem"]
[Result "0-1"]
[WhiteElo "2200"]
[BlackElo "2405"]
[PlyCount "116"]
[EventDate "2018.10.27"]
[EventType "swiss"]
[EventCountry "RUS"]
[WhiteTeam "Russland"]
[BlackTeam "Russland"]
[WhiteTeamCountry "RUS"]
[BlackTeamCountry "RUS"]

1. Nf3 d5 2. d4 Bf5 3. c4 e6 4. Nc3 Nf6 5. Bg5 c6 6. e3 Nbd7 7. Be2 Be7 8. O-O h6 9. Bh4 Ne4 10. Bxe7 Qxe7 11. Rc1 O-O 12. a3 Rad8 13. cxd5 exd5 14. b4 Nb6 15. Nxe4 dxe4 16. Ne5 Nd5 17. Qb3 a6 18. Rc5 f6 19. Nc4 Be6 20. Qb2 Qe8 21. Nd2 f5 22. Re1 f4 23. Bf1 Qg6 24. exf4 Nxf4 25. g3 Bd5 26. Nc4 Ne6 27. Ne5 Qf5 28. Rcc1 Ng5 29. Re3 Rf6 30. a4 Rdf8 31. Rc2 b5 32. a5 h5 33. Qc1 h4 34. g4 Qf4 35. h3 Ne6 36. Qd2 Re8 37. Nd7 Rf7 38. Nc5 Ng5 39. Bg2 Ra8 40. Qe1 Nf3+ 41. Bxf3 exf3 42. Rd2 Qf6 43. Re5 Qg6 44. Re8+ Rxe8 45. Qxe8+ Kh7 46. Rd1 Qc2 47. Re1 Qb2 48. Nxa6 Qxd4 49. Qe5 Qxe5 50. Rxe5 Rf4 51. Re1 c5 52. bxc5 Ra4 53. Nc7 Bc4 54. a6 b4 55. Rb1 b3 56. c6 Ra2 57. Rc1 b2 58. Rb1 Ra1 0-1

[Event "Chigorin Memorial 2018"]
[Site "St. Petersburg"]
[Date "2018.10.31"]
[Round "5.41"]
[White "Chibukhchyan, Erik"]
[Black "Yagupov, Igor"]
[Result "1/2-1/2"]
[WhiteElo "2200"]
[BlackElo "2403"]
[PlyCount "99"]
[EventDate "2018.10.27"]
[EventType "swiss"]
[EventCountry "RUS"]
[WhiteTeam "Russland"]
[BlackTeam "Russland"]
[WhiteTeamCountry "RUS"]
[BlackTeamCountry "RUS"]

1. e3 d5 2. c4 c6 3. Nf3 Nf6 4. b3 Bg4 5. Bb2 e6 6. Be2 Nbd7 7. O-O h6 8. Nc3 Be7 9. d3 O-O 10. a3 Re8 11. Qc2 a6 12. h3 Bh5 13. Rfd1 e5 14. b4 dxc4 15. dxc4 Qc7 16. Nh4 Bxe2 17. Qxe2 g6 18. c5 a5 19. Qc4 axb4 20. axb4 Rxa1 21. Bxa1 Nf8 22. Nf3 Rd8 23. Rxd8 Bxd8 24. Ne4 Nxe4 25. Bxe5 Qe7 26. Qxe4 Nd7 27. Qd4 Nxe5 28. Nxe5 Bc7 29. Ng4 f5 30. Nh2 Qe4 31. Qxe4 fxe4 32. f4 exf3 33. Nxf3 Bg3 34. Kf1 Kf7 35. Ke2 Kf6 36. Nd2 Ke5 37. Kd3 Kd5 38. Nc4 Be1 39. e4+ Ke6 40. Na5 Bxb4 41. Nxb7 Ke5 42. Nd8 Bxc5 43. Nxc6+ Kf4 44. e5 Kg3 45. e6 g5 46. e7 Bxe7 47. Nxe7 Kxg2 48. Nf5 h5 49. h4 gxh4 50. Nxh4+ 1/2-1/2

[Event "Chigorin Memorial 2018"]
[Site "St. Petersburg"]
[Date "2018.10.31"]
[Round "5.42"]
[White "Stukan, Martin"]
[Black "Timerkhanov, Alexander"]
[Result "1-0"]
[WhiteElo "2173"]
[BlackElo "2398"]
[PlyCount "91"]
[EventDate "2018.10.27"]
[EventType "swiss"]
[EventCountry "RUS"]
[WhiteTeam "Russland"]
[BlackTeam "Russland"]
[WhiteTeamCountry "RUS"]
[BlackTeamCountry "RUS"]

1. e4 c6 2. d4 d5 3. Nc3 dxe4 4. Nxe4 Bf5 5. Ng3 Bg6 6. h4 h6 7. Nf3 e6 8. h5 Bh7 9. Bd3 Bxd3 10. Qxd3 Nf6 11. Bd2 Be7 12. O-O-O O-O 13. Kb1 c5 14. Ne4 Nbd7 15. Nxf6+ Nxf6 16. g4 Nxg4 17. Rhg1 f5 18. Qe2 Qe8 19. Qxe6+ Qf7 20. Qxf7+ Rxf7 21. Ne5 cxd4 22. Nxf7 Kxf7 23. Bf4 Bf6 24. f3 Ne3 25. Rd3 Nc4 26. b3 Na3+ 27. Kb2 Nb5 28. Re1 Re8 29. Rxe8 Kxe8 30. Bb8 a6 31. f4 Kf7 32. Be5 Bxe5 33. fxe5 Ke6 34. a4 Nc7 35. Rxd4 Kxe5 36. Rd7 Ne6 37. Kc1 f4 38. Kd2 b6 39. Rb7 Ke4 40. Rxb6 Nd4 41. Rb4 a5 42. Rxd4+ Kxd4 43. c3+ Ke4 44. Ke2 f3+ 45. Kf2 Kd3 46. b4 1-0

[Event "Chigorin Memorial 2018"]
[Site "St. Petersburg"]
[Date "2018.10.31"]
[Round "5.43"]
[White "Eynullayev, Atilla"]
[Black "Popov, Mikhail"]
[Result "0-1"]
[WhiteElo "2164"]
[BlackElo "2394"]
[PlyCount "110"]
[EventDate "2018.10.27"]
[EventType "swiss"]
[EventCountry "RUS"]
[WhiteTeam "Aserbeidschan"]
[BlackTeam "Russland"]
[WhiteTeamCountry "AZE"]
[BlackTeamCountry "RUS"]

1. d4 Nf6 2. c4 g6 3. Nc3 Bg7 4. e4 d6 5. Be2 O-O 6. Be3 Na6 7. Nf3 c6 8. O-O e5 9. d5 Ng4 10. Bg5 f6 11. Bh4 c5 12. Nd2 h5 13. a3 Nh6 14. f3 Nf7 15. Bd3 Bh6 16. Qe2 Bg5 17. Be1 Nc7 18. b4 b6 19. Rb1 Ne8 20. Bc2 Bd7 21. Ba4 Bxa4 22. Nxa4 Qd7 23. Nc3 Ng7 24. Bf2 f5 25. Rb2 Rae8 26. Nb3 h4 27. Rfb1 Nh5 28. Nc1 Bxc1 29. Rxc1 h3 30. g3 Ng5 31. Rf1 fxe4 32. fxe4 Nf3+ 33. Kh1 Nd4 34. Qd1 Nf6 35. Bg1 Ng4 36. bxc5 bxc5 37. Nb5 Rxf1 38. Qxf1 Rf8 39. Qd1 Nf3 40. Nc3 a6 41. Qd3 Qf7 42. Nd1 Ne1 43. Qe2 Qf1 44. Qxf1 Rxf1 45. Nf2 Nxf2+ 46. Rxf2 Rxf2 47. Bxf2 Nd3 48. Kg1 Nb2 49. Be1 Nxc4 50. a4 Ne3 51. Bd2 Ng4 52. Bg5 Kf7 53. a5 Nf6 54. Kf1 Nxe4 55. Be3 Nf6 0-1

[Event "Chigorin Memorial 2018"]
[Site "St. Petersburg"]
[Date "2018.10.31"]
[Round "5.44"]
[White "Palchun, Grigory"]
[Black "Khusenkhojaev, Mustafokhuja"]
[Result "1/2-1/2"]
[WhiteElo "2394"]
[BlackElo "2229"]
[PlyCount "108"]
[EventDate "2018.10.27"]
[EventType "swiss"]
[EventCountry "RUS"]
[WhiteTeam "Russland"]
[BlackTeam "Tadschikistan"]
[WhiteTeamCountry "RUS"]
[BlackTeamCountry "TJK"]

1. e4 e5 2. Nf3 Nc6 3. Bb5 a6 4. Ba4 Nf6 5. O-O Be7 6. Re1 b5 7. Bb3 d6 8. c3 O-O 9. h3 Nb8 10. d4 Nbd7 11. Nbd2 Bb7 12. Bc2 Re8 13. Nf1 exd4 14. cxd4 c5 15. Ng3 g6 16. Bf4 Rc8 17. Qd2 cxd4 18. Nxd4 Ne5 19. b3 Qd7 20. a4 Nc6 21. Nf3 d5 22. axb5 axb5 23. Red1 Bb4 24. Qd3 d4 25. Qxb5 Bc3 26. Ra4 Nb4 27. Rxb4 Bxb4 28. Qxb4 Rxc2 29. Rxd4 Qc8 30. Ne1 Rc6 31. Nd3 Ba6 32. Ne5 Rce6 33. Ng4 Nxg4 34. hxg4 Qb7 35. Qc3 Qc8 36. Qb2 Rc6 37. Bh6 Rc2 38. Qa1 Qc3 39. Qa4 Qc6 40. Qb4 Qc5 41. Qxc5 Rxc5 42. Rd6 Bc8 43. f3 Rb5 44. Bd2 Rxb3 45. Bg5 Bxg4 46. e5 Be6 47. Ne4 Reb8 48. Bh6 R3b6 49. Nf6+ Kh8 50. Rd4 Rb4 51. Rd6 R4b6 52. Rd4 Rb4 53. Rd6 R4b6 54. Rd4 Rb4 1/2-1/2

[Event "Chigorin Memorial 2018"]
[Site "St. Petersburg"]
[Date "2018.10.31"]
[Round "5.45"]
[White "Azimov, Ilyas"]
[Black "Kotlyar, Kirill"]
[Result "0-1"]
[WhiteElo "2162"]
[BlackElo "2390"]
[PlyCount "86"]
[EventDate "2018.10.27"]
[EventType "swiss"]
[EventCountry "RUS"]
[WhiteTeam "Russland"]
[BlackTeam "Russland"]
[WhiteTeamCountry "RUS"]
[BlackTeamCountry "RUS"]

1. e4 e5 2. Nf3 Nc6 3. Bb5 a6 4. Bxc6 dxc6 5. d3 Bd6 6. h3 Ne7 7. Nbd2 c5 8. Nc4 Nc6 9. O-O Be6 10. Ne3 Nd4 11. Nxd4 cxd4 12. Nf5 Bxf5 13. exf5 Qf6 14. f4 O-O-O 15. fxe5 Bxe5 16. Bf4 Rhe8 17. Qd2 Bxf4 18. Rxf4 Re3 19. Re1 Rde8 20. Re4 R8xe4 21. dxe4 Rxe1+ 22. Qxe1 Qb6 23. Kh2 Qxb2 24. Qe2 Qb5 25. Qh5 Qe5+ 26. Kh1 Qxe4 27. Qxf7 Qe1+ 28. Kh2 Qe5+ 29. Kh1 h6 30. Kg1 b6 31. a4 Kb7 32. Qd7 Qc5 33. Kh1 Qxc2 34. Qd5+ Ka7 35. Qxd4 Qxf5 36. Qxg7 Qf4 37. Qd7 Qe5 38. Qc6 Qd6 39. Qc4 Kb7 40. h4 Qc6 41. Qg4 b5 42. a5 Qc3 43. Qe4+ Ka7 0-1

[Event "Chigorin Memorial 2018"]
[Site "St. Petersburg"]
[Date "2018.10.31"]
[Round "5.46"]
[White "Gogolev, Artem"]
[Black "Ageichenko, Genadi A"]
[Result "1-0"]
[WhiteElo "2389"]
[BlackElo "2225"]
[PlyCount "53"]
[EventDate "2018.10.27"]
[EventType "swiss"]
[EventCountry "RUS"]
[WhiteTeam "Russland"]
[BlackTeam "Russland"]
[WhiteTeamCountry "RUS"]
[BlackTeamCountry "RUS"]

1. c4 e5 2. Nf3 Nc6 3. d4 exd4 4. Nxd4 Bb4+ 5. Bd2 Qe7 6. Nb5 d6 7. N1c3 Ne5 8. e3 c6 9. Nd4 Nf6 10. Be2 Bxc3 11. Bxc3 Ne4 12. Qc2 Nxc3 13. Qxc3 O-O 14. O-O c5 15. Nf3 Bg4 16. Kh1 Rad8 17. Rad1 f5 18. Ng1 f4 19. Bxg4 Nxg4 20. exf4 Rxf4 21. Nh3 Rf5 22. Rfe1 Qf7 23. f3 Nf6 24. g4 Nd5 25. cxd5 Rxd5 26. Rxd5 Qxd5 27. Re7 1-0

[Event "Chigorin Memorial 2018"]
[Site "St. Petersburg"]
[Date "2018.10.31"]
[Round "5.47"]
[White "Saydaliev, Saidakbar"]
[Black "Nebolsina, Vera"]
[Result "0-1"]
[WhiteElo "2385"]
[BlackElo "2220"]
[PlyCount "86"]
[EventDate "2018.10.27"]
[EventType "swiss"]
[EventCountry "RUS"]
[WhiteTeam "Usbekistan"]
[BlackTeam "Russland"]
[WhiteTeamCountry "UZB"]
[BlackTeamCountry "RUS"]

1. Nf3 Nf6 2. g3 g6 3. b3 Bg7 4. Bb2 d6 5. d4 Nbd7 6. Bg2 O-O 7. O-O c6 8. c4 Re8 9. Nc3 e5 10. dxe5 dxe5 11. Ng5 e4 12. Rb1 e3 13. f4 Nf8 14. Qxd8 Rxd8 15. Na4 Bf5 16. Rbc1 Rd2 17. Rfe1 Rad8 18. Nf3 b5 19. cxb5 cxb5 20. Bxf6 Bxf6 21. Nc3 b4 22. Nd1 Rxa2 23. Nxe3 Be6 24. Rb1 Bc3 25. Red1 Rxd1+ 26. Nxd1 Bf6 27. Kf1 Nd7 28. e4 Ra1 29. Rxa1 Bxa1 30. Ne3 Bxb3 31. Nd2 Ba2 32. e5 Nb6 33. Ke2 a5 34. Kd3 f6 35. exf6 Bxf6 36. Nec4 Nxc4 37. Nxc4 Bb1+ 38. Kd2 a4 39. Bd5+ Kg7 40. Nd6 Bd4 41. Kc1 Bd3 42. Nc4 b3 43. Na5 b2+ 0-1

[Event "Chigorin Memorial 2018"]
[Site "St. Petersburg"]
[Date "2018.10.31"]
[Round "5.48"]
[White "Anikonov, Dmitry"]
[Black "Shkurkin, Andrey"]
[Result "1-0"]
[WhiteElo "2382"]
[BlackElo "2201"]
[PlyCount "71"]
[EventDate "2018.10.27"]
[EventType "swiss"]
[EventCountry "RUS"]
[WhiteTeam "Russland"]
[BlackTeam "Russland"]
[WhiteTeamCountry "RUS"]
[BlackTeamCountry "RUS"]

1. d4 Nf6 2. c4 e6 3. Nc3 d5 4. Nf3 c5 5. cxd5 exd5 6. g3 Nc6 7. Bg2 Be7 8. O-O O-O 9. Bg5 c4 10. Ne5 Be6 11. b3 Qa5 12. Nxc6 bxc6 13. Na4 Rfd8 14. Bxf6 Bxf6 15. Nc5 Rab8 16. e3 c3 17. Qc2 Be7 18. Nxe6 fxe6 19. Bh3 c5 20. Bxe6+ Kh8 21. Rac1 cxd4 22. exd4 Qb6 23. Rfe1 Bf6 24. Bf5 Bxd4 25. Re6 Qc5 26. Bxh7 Rf8 27. Re2 Rf3 28. Bg6 Rbf8 29. Rf1 Qb6 30. Bd3 a5 31. Kg2 Qf6 32. Bg6 Qb6 33. Re8 Qf6 34. Rxf8+ Qxf8 35. Qe2 Rf6 36. Qh5+ 1-0

[Event "Chigorin Memorial 2018"]
[Site "St. Petersburg"]
[Date "2018.10.31"]
[Round "5.49"]
[White "Salemgareev, Tagir"]
[Black "Hakobyan, Hovhannes H."]
[Result "0-1"]
[WhiteElo "2381"]
[BlackElo "2168"]
[PlyCount "164"]
[EventDate "2018.10.27"]
[EventType "swiss"]
[EventCountry "RUS"]
[WhiteTeam "Russland"]
[BlackTeam "Armenien"]
[WhiteTeamCountry "RUS"]
[BlackTeamCountry "ARM"]

1. d4 Nf6 2. c4 c5 3. d5 b5 4. cxb5 a6 5. bxa6 g6 6. Nc3 Bg7 7. e4 O-O 8. e5 Ne8 9. Nf3 d6 10. e6 fxe6 11. h4 e5 12. Ng5 Nf6 13. Bd3 Nxa6 14. h5 e4 15. Ncxe4 Nb4 16. Bb1 Bf5 17. hxg6 hxg6 18. Nxf6+ Rxf6 19. a3 Qd7 20. Be3 Qa4 21. O-O Qxd1 22. Rxd1 Nc2 23. Bxc2 Bxc2 24. Rd2 Bb3 25. g4 Ra4 26. f3 Rf8 27. Kg2 Rb8 28. Rc1 Rc4 29. Re1 Rc2 30. Rxc2 Bxc2 31. Bc1 Bf6 32. Re2 Bb3 33. Ne4 Bd4 34. Nc3 Kf7 35. Bg5 Rb7 36. Rd2 Bc4 37. a4 Rb3 38. Ne2 Bxb2 39. Nf4 Bc3 40. Rd1 Bd4 41. Ne6 Rb2+ 42. Kg3 Bf2+ 43. Kg2 Be1+ 44. Kg1 Ba5 45. Nf4 Ra2 46. Rb1 Bb4 47. a5 Rxa5 48. Kg2 Bd2 49. Rb7 Bxf4 50. Bxf4 Bxd5 51. Rc7 Kf6 52. Bh6 Ra2+ 53. Kg3 Ra3 54. Kh4 Bxf3 55. Bg5+ Ke6 56. Rxe7+ Kd5 57. Bf4 Be4 58. Bxd6 Kxd6 59. Rxe4 Kd5 60. Re8 Ra6 61. Kg5 c4 62. Kf4 c3 63. Rd8+ Rd6 64. Rc8 Rc6 65. Rd8+ Kc4 66. Ke3 Re6+ 67. Kf2 c2 68. Rc8+ Kb3 69. Rb8+ Kc3 70. Rc8+ Kb2 71. Rb8+ Kc1 72. Rb7 Rd6 73. Ke2 Rd4 74. g5 Rd5 75. Rb8 Re5+ 76. Kf2 Rxg5 77. Rb6 Rd5 78. Ke2 Re5+ 79. Kf2 Kd2 80. Rd6+ Kc3 81. Rc6+ Kd3 82. Rc8 Re4 0-1